Statistics for Capitals of Comarques Map Quiz (Catalunya)

Click here to take the quiz!

General Stats

  • This quiz has been taken 72 times
  • The average score is 30 of 42

Answers on the Map

Answers color-coded by a green-red scale on the quiz's map according to % correct below.
 

Answer Stats

Answer% Correct
Barcelona
93%
Mataró
91%
Banyoles
89%
Berga
89%
Girona
89%
Lleida
86%
Figueres
82%
Granollers
82%
Sant Feliu de Llobregat
80%
Tarragona
80%
Vielha e Mijaran
80%
Igualada
77%
Moià
77%
Sabadell i Terrassa
77%
Vic
77%
Vilanova i la Geltrú
77%
Reus
75%
Amposta
73%
Gandesa
73%
La Bisbal d'Empordà
73%
La Seu d'Urgell
73%
Olot
73%
Puigcerdà
73%
Sort
73%
Ripoll
70%
Tortosa
70%
Balaguer
68%
Manresa
68%
Vilafranca del Penedès
68%
Solsona
66%
Móra d'Ebre
64%
Santa Coloma de Farners
64%
El Vendrell
61%
Falset
61%
El Pont de Suert
57%
Tremp
57%
Valls
57%
Les Borges Blanques
55%
Montblanc
55%
Tàrrega
55%
Cervera
50%
Mollerussa
50%

Score Distribution

Percentile by Number Answered

Percent of People with Each Score

Your Score History

You have not taken this quiz